Herby powiatów w województwie śląskim - Statystyki

Ogólne statystyki
  • Ten quiz został rozwiązany 66 razy
  • Średni wynik to 27 z 36
Statystyki odpowiedzi
Obrazkowy Odpowiedź % Poprawnych
Gliwice
98%
Katowice
98%
Chorzów
91%
Sosnowiec
91%
Zabrze
91%
Mysłowice
89%
Rybnik
89%
Tychy
89%
Bytom
87%
Częstochowa
87%
Bielsko-Biała
84%
Ruda Śląska
84%
Jastrzębie-Zdrój
82%
Dąbrowa Górnicza
80%
Piekary Śląskie
80%
Świętochłowice
80%
Jaworzno
78%
mikołowski
76%
Siemianowice Śląskie
73%
cieszyński
71%
raciborski
71%
wodzisławski
71%
Żory
71%
lubliniecki
69%
rybnicki
69%
tarnogórski
69%
będziński
67%
bielski
67%
gliwicki
64%
pszczyński
64%
żywiecki
64%
bieruńsko-lędziński
62%
częstochowski
62%
myszkowski
60%
kłobucki
58%
zawierciański
58%
Nie znaleziono quizów pasujących do podanych kryteriów
Rozkład punktacji
Procent ludzi z każdym wynikiem
Percentyl według liczby udzielonych odpowiedzi
Twoja historia wyników
Nie rozwiązałeś tego quizu